| 000 | 01570cam a2200229 4500 | ||
|---|---|---|---|
| 001 | ##L134108 | ||
| 008 | 060710n2006 000 0 eng u | ||
| 035 | _a(Sirsi) u134108 | ||
| 041 | 0 | _aeng | |
| 050 | 0 | 4 | _a306.52 $2 18 |
| 100 | 1 | _aCope, Helen | |
| 245 | 0 | 0 |
_aNorthern lights _bhousing associations investing in neighbourhoods in the North _h[electronic resource] |
| 260 |
_aLondon _bNational Housing Federation _c2006 |
||
| 520 | _aHighlights the vital contribution that housing associations make to the economy and quality of life in northern England. Examines the housing association's record in delivering community investment by assembling an evidence base for the period 2003-08 which considers the extent to which northern housing associations have responded to government regeneration and sustainability agendas, quantifies the sector's record in neighbourhood and community investment and assesses to what extent associations are investing in four of the key priorities set out in the Northern Way business plan. Concludes that housing associations add value by delivering more than housing regeneration alone. Select bibliography. | ||
| 590 | _aIKA180706 | ||
| 651 | 4 | _aNORTHERN ENGLAND | |
| 690 | _aPROPERTY-RESIDENTIAL PROPERTY-RESIDENTIAL PROPERTY FINANCE AND INVESTMENT | ||
| 700 | 1 | _aIrons, Nicola | |
| 710 | 2 | _aNational Housing Federation North | |
| 856 | 4 | 0 |
_uhttps://www.ignite-ne.com/ignite/Documents-hvstr.nsf/0/558ED91DECA6464B802571CD003ACFCE/$file/northernlights.pdf _zView the report free of charge at www.ignite-ne.com |
| 942 | _n0 | ||
| 999 |
_c105546 _d105546 |
||